000 01022nam a22003257a 4500
003 CHAP
005 20220329143822.0
008 111003s1976 mx r 00010 spa d
010 _a102300
011 _a103272
035 _a113961
040 _cCHAP
090 _aFolleto 18088
100 0 0 _aLeñero, Vicente.
_966072
245 1 4 _aEl atentado contra Excélsior :
_brelación de hechos
_c/por Vicente Leñero
260 _aPuebla :
_bUniversidad Autónoma de Puebla,
_c1976
300 _a24 p.
490 0 _aControversia
_v; 10
590 _aBATCH-UPD
_b10
_c20130110
_lUCH01
_h0927
590 _aBATCH-UPD
_b10
_c20130410
_lUCH01
_h0547
590 _aBATCH-UPD
_b10
_c20130914
_lUCH01
_h1049
590 _aCONVERSION
_b10
_c20130109
_lUCH01
_h1356
650 1 4 _aPeriódicos
_xMéxico.
_987185
650 1 4 _aTerrenos.
_9112424
650 1 4 _aViolencia.
_9119891
830 0 _aControversia
_v; 10
_927609
901 _aBK
942 _cFOLL
949 _aFolleto 18088
_bBC
_cFOLL
_d33724002312736
_eTS1
_gDonaciØn
_i113961
_sb
999 _c102300
_d102300